00625nam a2200157 a 450000100100000000500170001000800410002704000250006810000330009324500520012626000800017830000200025804900090027895201630028799900170045000003266920200930065752.0110725s1937 dr 000 0 spa d aDO-SdBNPbspacBNPHU1 aLlaverías, Federico91015710aSentimientos fraternos /cFederico Llaverías. aCiudad Trujillo, República Dominicana :bImp. J. R. vda. García,c1937. a28 p. ;c24 cm. aBNPD 0010718PDaPDbPDcCTd2011-07-25iLF1l0o p32669-10r2020-06-25w2020-06-25yLFPDzPerteneció a la biblioteca personal de Martínez BoogZNo se presta c32160d32160